Statistics for 15 Biggest Island Countries

Click here to take the quiz!

General Stats

  • This quiz has been taken 42,019 times
  • The average score is 12 of 15

Answer Stats

Area Country % Correct
270,467New Zealand
94%
587,041Madagascar
94%
377,930Japan
93%
1,910,931Indonesia
93%
109,884Cuba
90%
242,495United Kingdom
89%
300,000Philippines
86%
103,000Iceland
86%
70,273Ireland
84%
65,610Sri Lanka
83%
462,840Papua New Guinea
74%
27,750Haiti
73%
36,193Taiwan
72%
48,671Dominican Republic
70%
28,896Solomon Islands
36%

Score Distribution

Percentile by Number Answered

Percent of People with Each Score

Your Score History

You have not taken this quiz